Bestellmengenplanung aus logistischer Sicht.
Použiteľnosť klasického modelu výpočtu množstiev objednávaného tovaru s využitím logistiky pri rozhodovaní o nákupoch. Systém nákup-výroba-distribúcia. Plánovanie veľkosti objednávok a dodávok a ich zosúladenie v hierarchickom systéme plánovania. Náklady na nákupy a ich štruktúra. Problém kvantity d...
Saved in:
| Main Author: | |
|---|---|
| Format: | Book Chapter |
| Language: | German |
| Subjects: | |
| Tags: |
No Tags, Be the first to tag this record!
|
MARC
| LEADER | 00000naa a2200000 4500 | ||
|---|---|---|---|
| 001 | r005158 | ||
| 005 | 20221130103944.8 | ||
| 041 | 0 | |a ger | |
| 044 | |a DE | ||
| 245 | 1 | 0 | |a Bestellmengenplanung aus logistischer Sicht. |c H.O. Günther |
| 520 | |a Použiteľnosť klasického modelu výpočtu množstiev objednávaného tovaru s využitím logistiky pri rozhodovaní o nákupoch. Systém nákup-výroba-distribúcia. Plánovanie veľkosti objednávok a dodávok a ich zosúladenie v hierarchickom systéme plánovania. Náklady na nákupy a ich štruktúra. Problém kvantity dodávok pri nedostatku zdrojov. Rozhodovanie o veľkosti dodávky pomocou princípu hraničných nákladov. | ||
| 610 | 2 | 0 | |a logistika |
| 610 | 2 | 0 | |a objednávky |
| 610 | 2 | 0 | |a modely ekonomicko-matematické |
| 610 | 2 | 0 | |a nákup |
| 610 | 2 | 0 | |a výroba |
| 610 | 2 | 0 | |a distribúcia |
| 610 | 2 | 0 | |a teória úžitku hraničného |
| 610 | 2 | 0 | |a náklady |
| 100 | 1 | |a Günther, H.O. | |